Načítá se...
Influence Of Certain School Related Variables And Intelligence On Process Outcomes In Mathematics At The Secondary School Stage.
| Hlavní autoři: | , |
|---|---|
| Médium: | Ph.D Thesis |
| Jazyk: | Undetermined |
| Vydáno: |
Thiruvananthapuram :
Dept of Education,University of Kerala ,
2003
|
| LEADER | 00547nam a2200121Ia 4500 | ||
|---|---|---|---|
| 008 | 191231s9999 xx 000 0 und d | ||
| 100 | |a K N Lalithamma,Guide | ||
| 100 | |a Giby Geevarughese | ||
| 245 | 0 | |a Influence Of Certain School Related Variables And Intelligence On Process Outcomes In Mathematics At The Secondary School Stage. |c Giby Geevarughese | |
| 260 | |a Thiruvananthapuram : |b Dept of Education,University of Kerala , |c 2003 | ||
| 942 | |c TH | ||
| 999 | |c 250380 |d 250380 | ||
| 952 | |0 0 |1 0 |4 0 |7 0 |9 265718 |a EDU |b EDU |d 2020-01-05 |l 0 |p EDUP122 |r 2020-01-05 |w 2020-01-05 |y TH | ||